000 00880nam a2200241 i 4500
001 88810
003 ES-MaACL
005 20250804011341.0
007 t|
008 041209s2001 sp |||| | spa d
020 _a84-206-3932-X
080 _a821.14-193.2
245 0 0 _aEpigramas eróticos griegos
_b: antología palatina (libros V y XII) /
_cintroducción, traducción y notas de Guillermo Galán Vioque y Miguel A. Márquez Guerrero.
260 _aMadrid :
_bAlianza Editorial,
_c[2001]
300 _a275 p. ;
_c18 cm.
490 1 _aEl libro de bolsillo. Clásicos de Grecia y Roma ;
_v8238
650 1 4 _aEpigramas griegos.
_912336
700 1 _aGalán Vioque, Guillermo.
_953312
700 1 _aMárquez Guerrero, Miguel A.
_977027
830 0 3 _aEl libro de bolsillo.
_pClásicos
_v8238
_9179723
852 _aES-MaACL
_jE-10651
999 _c88810
_d88810